Spiralling out of controlled (Record no. 76024)

MARC details
000 -LEADER
fixed length control field 00766cab a2200169 4500
001 - CONTROL NUMBER
control field ##L131288
008 - FIXED-LENGTH DATA ELEMENTS--GENERAL INFORMATION
fixed length control field 051017n2005 000 0 eng u
035 ## - SYSTEM CONTROL NUMBER
System control number (Sirsi) u131288
041 0# - LANGUAGE CODE
Language code of text/sound track or separate title eng
100 1# - MAIN ENTRY--PERSONAL NAME
Personal name Kernon, Sophie
245 00 - TITLE STATEMENT
Title Spiralling out of controlled
260 ## - PUBLICATION, DISTRIBUTION, ETC.
Date of publication, distribution, etc. 2005
490 #0 - SERIES STATEMENT
Series statement Construction News
Volume/sequential designation (6936) 29 September 2005, 14-15(2)
520 ## - SUMMARY, ETC.
Summary, etc. Examines the collapse of Controlled Demolition, whose name and assets have been purchased by Linkway Manufacturing after the company was placed in administration when venture capitalists 3i withdrew funding. Sub-contractors, estimated to be owed a total of around £1m, are now faced with trying to recover money from the Administrator.
690 ## - LOCAL SUBJECT ADDED ENTRY--TOPICAL TERM (OCLC, RLIN)
Topical term or geographic name as entry element MANAGEMENT-CORPORATE RECOVERY
942 ## - ADDED ENTRY ELEMENTS (KOHA)
Suppress in OPAC 0
Holdings
Withdrawn status Lost status Source of classification or shelving scheme Damaged status Not for loan Home library Current library Shelving location Date acquired Total Checkouts Full call number Barcode Date last seen Copy number Price effective from Koha item type
    Dewey Decimal Classification     London London Journal article 17/10/2005   L131288 131288-1001 06/08/2019 1 06/08/2019 Journal article